000 01294nam a2200253Ia 4500
003 Ost
005 20260507075412.0
008 260507s9999||||xx |||||||||||||| ||und||
020 _a6114410977
040 _cfsecg
041 _aara
082 _a330
100 _aأحمد، لمياء محمد
_eمؤلف
245 0 _aنظم الجودة ومتطلبات تسويق الخدمات التعليمية /
_c لمياء محمد أحمد
260 _aالقاهرة:
_bالمكتبة العصرية للنشر والتوزيع,
_c2009
300 _a421 صفحة؛
_bإيضاحات ؛
_c25 سم
504 _aالمراجع ص.299 الملاحق ص.315
520 _aيضم مصطلحات ودراسات أساسية، ثقافة الجودة والمعايير، تساؤلات حول الجودة والإعتماد في التعليم، مستقبل نظم الإعتماد المؤسسي للجامعات المصرية دراسة حالة، دليل استراتيجي لتوسيع نطاق جودة الخدمات الجامعية
653 _aالتعليم الجامعي
653 _aالتعليم- ضبط الجودة
653 _aالجامعات والكليات- تقييم
700 _aعلي، سعيد إسماعيل
_eمؤلف ثانوي
942 _cكتاب
999 _c44426
_d44426